| 000 | 00854nam a2200205Ia 4500 | ||
|---|---|---|---|
| 003 | Ost | ||
| 005 | 20260507075642.0 | ||
| 008 | 260507s9999||||xx |||||||||||||| ||und|| | ||
| 040 | _cfsecg | ||
| 041 | _aara | ||
| 082 | _a364.163 | ||
| 100 |
_aعابدين، محمد أحمد _eمؤلف |
||
| 245 | 0 |
_aحجية الأوراق الرسمية والعرفية وطرق الطعن عليها / _c محمد أحمد عابدين |
|
| 260 |
_aالإسكندرية: _bالمكتب العربي الحديث, _c2001 |
||
| 300 |
_a136 صفحة؛ _bإيضاحات ؛ _c24 سم |
||
| 520 | _aالصيغ القانونية الخاصة بالإدعاء بالتزوير، صيغة أخر للمادة 390 اثبات ، صيغة اعلان شواهد التزوير | ||
| 653 | _aالأوراق الرسمية | ||
| 653 | _aالتزوير | ||
| 942 | _cكتاب | ||
| 999 |
_c45433 _d45433 |
||